• 首页
  • 本馆介绍
  • 公告通知
  • 最新文献
  • 馆藏检索
  • 电子资源
  • 读者导购
  • 参考咨询
  • 我的图书馆
  • 登录
  • 详细信息显示
  • 放入我的书架
  • 预约/预借图书
  • 作者相关作品
  • 分类相关作品
  • 丛书相关作品
  • 出版社相关作品

书目信息

  • 表格格式
  • 工作单格式
  • 卡片格式
题名:
国家预算
    
 
作者: 麦履康 , 韩壁 编著
分册:  
出版信息: 北京   中央广播电视大学出版社  1986.9
页数: 334页
开本: 32开
丛书名:
单 册:
中图分类: F810.3
科图分类:
主题词: 国家预算
电子资源:
ISBN: 7-304-00279-4
000 00794nam0 2200277 450
001 0000060640
005 20110322183123.0
010    @a7-304-00279-4@dCNY3
011    @a7-304-00279-4
091    @a4300.164
100    @a20060306d1986 ekmy0chiy0120 ea
101 0  @achi
102    @aCN@b110000
105    @ay z 000yy
106    @ar
200 1  @a国家预算@9Guo Jia;Jie Yu Suan @f麦履康,韩壁编著@FMai Lu^ Kang , Han Bi Bian Zhu
210    @a北京@c中央广播电视大学出版社@d1986.9
215    @a334页@d32开
300    @a40000册印
300    @a1988年10月第2次印刷,40001-54550册印,CNY1.95
606    @a国家预算
690    @aF810.3@v3
701  0 @a麦履康@9Mai Lu^ Kang@4编著
701  0 @a韩壁@9Han Bi@4编著
801  0 @aCN@bAzMarc@c20130904
905    @aBZT@dF810.3@e140@f1@sF810.3/140
    
    国家预算/麦履康,韩壁编著.-北京:中央广播电视大学出版社,1986.9
    334页;32开
    40000册印.-1988年10月第2次印刷,40001-54550册印,CNY1.95
    
    ISBN 7-304-00279-4:CNY3
    
●
相关链接 在五车中查询图书 在当当中查询图书 在豆瓣中查询图书


正题名:国家预算     索取号:F810.3/140         预约/预借

序号 登录号 条形码 馆藏地/架位号 状态 备注
1 2000108126   2000108126   旧书回溯/ [索取号:F810.3/140] 在馆    
山东省滨州职业学院图书馆 欢迎您!
大连网信软件有限公司© 版权所有